[Event "CHI-chT"]
[Site "Chile"]
[Date "2010.11.16"]
[Round "5"]
[White "Lobos Barrenechea, Miguel"]
[Black "Henriquez Villagra, Cristobal"]
[Result "1/2-1/2"]
[WhiteElo "2323"]
[BlackElo "2202"]
[PlyCount "90"]
[EventDate "2010.10.19"]
[EventType "team"]
[EventRounds "9"]
[EventCountry "CHI"]
[SourceTitle "EXT 2012"]
[Source "ChessBase"]
[SourceDate "2011.11.24"]
[SourceVersion "1"]
[SourceVersionDate "2011.11.24"]
[SourceQuality "1"]

1. c4 e5 2. Nc3 Nc6 3. g3 Nf6 4. Bg2 Bc5 5. e3 0-0 6. Nge2 a6 7. 0-0 d6 8. h3 Ba7 9. d4 exd4 10. exd4 h6 11. g4 Re8 12. Be3 Ne7 13. Ng3 Rb8 14. g5 hxg5 15. Bxg5 Nh7 16. Be3 Nf5 17. Nxf5 Bxf5 18. c5 dxc5 19. dxc5 Qh4 20. Qf3 Be6 21. Kh2 Nf6 22. Kg1 c6 23. Rfd1 Rbd8 24. Qg3 Rxd1+ 25. Rxd1 Qxg3 26. fxg3 Bxh3 27. Bxh3 Rxe3 28. Rd8+ Kh7 29. Na4 Rxg3+ 30. Kh2 Rg5 31. b4 Rd5 32. Ra8 Rd2+ 33. Kg1 Rxa2 34. Nc3 Ra3 35. Ne4 Ra1+ 36. Kg2 Ra2+ 37. Kg1 Ra1+ 38. Kg2 Ra2+ 39. Kg1 Nxe4 40. Bf5+ g6 41. Bxe4 f5 42. Rxa7 fxe4 43. Rxb7+ Kh6 44. Rb6 e3 45. Kf1 Rf2+ 1/2-1/2

[Event "CHI-chT Universities"]
[Site "Chile"]
[Date "2009.10.27"]
[Round "2"]
[White "Garcia Cardenas, Pablo"]
[Black "Lobos Barrenechea, Miguel"]
[Result "1-0"]
[WhiteElo "2312"]
[BlackElo "2364"]
[PlyCount "71"]
[EventDate "2009.10.27"]
[EventType "team-swiss"]
[EventRounds "7"]
[EventCountry "CHI"]
[SourceTitle "EXT 2012"]
[Source "ChessBase"]
[SourceDate "2011.11.24"]
[SourceVersion "1"]
[SourceVersionDate "2011.11.24"]
[SourceQuality "1"]

1. e4 d5 2. exd5 Qxd5 3. Nc3 Qa5 4. d4 Nf6 5. Bc4 Bf5 6. Nf3 e6 7. Bd2 c6 8. Nd5 Qd8 9. Nxf6+ gxf6 10. Bb3 Be4 11. Qe2 Bxf3 12. Qxf3 Nd7 13. 0-0-0 Qe7 14. Rhe1 Bg7 15. d5 cxd5 16. Bxd5 Ne5 17. Qg3 0-0 18. f4 exd5 19. Bc3 Kh8 20. fxe5 fxe5 21. Bxe5 Bxe5 22. Qxe5+ Qxe5 23. Rxe5 Rac8 24. Rdxd5 Rc7 25. Re4 h6 26. Rde5 Kg7 27. Re7 Rfc8 28. Rxc7 Rxc7 29. c4 f5 30. Rd4 Kf6 31. Kc2 Ke5 32. Kd3 Rg7 33. g3 Rg5 34. Rd7 Rh5 35. h4 f4 36. Rd5+ 1-0

[Event "CHI-chT"]
[Site "Santiago de Chile"]
[Date "2007.12.04"]
[Round "8"]
[White "Michel Yunis, Christian D"]
[Black "Lobos Barrenechea, Miguel"]
[Result "1-0"]
[WhiteElo "2366"]
[BlackElo "2367"]
[PlyCount "63"]
[EventDate "2007.10.16"]
[EventType "team-tourn"]
[EventRounds "9"]
[EventCountry "CHI"]
[SourceTitle "EXT 2012"]
[Source "ChessBase"]
[SourceDate "2011.11.24"]
[SourceVersion "1"]
[SourceVersionDate "2011.11.24"]
[SourceQuality "1"]

1. d4 d5 2. c4 e6 3. Nc3 Be7 4. Nf3 Nf6 5. Bg5 0-0 6. e3 Nbd7 7. Rc1 Re8 8. Qc2 c6 9. h3 dxc4 10. Bxc4 Nd5 11. Bxe7 Qxe7 12. 0-0 a6 13. Rfe1 Nxc3 14. bxc3 e5 15. e4 b5 16. Bd3 c5 17. a4 c4 18. Bf1 Bb7 19. Qb2 Rab8 20. axb5 axb5 21. d5 Nc5 22. Rb1 Qd6 23. Nd2 Ba6 24. Qb4 f5 25. Ra1 Bc8 26. f3 Bd7 27. Kh1 Ra8 28. exf5 Rxa1 29. Rxa1 Qxd5 30. Nxc4 Nd3 31. Bxd3 Qxd3 32. Nd6 1-0

[Event "CHI-chT Universities"]
[Site "Valparaiso"]
[Date "2007.11.11"]
[Round "7"]
[White "Lobos Barrenechea, Miguel"]
[Black "Hurtado Bahamonde, Rodrigo And"]
[Result "1/2-1/2"]
[WhiteElo "2367"]
[BlackElo "2037"]
[PlyCount "60"]
[EventDate "2007.11.08"]
[EventType "team"]
[EventRounds "7"]
[EventCountry "CHI"]
[SourceTitle "EXT 2012"]
[Source "ChessBase"]
[SourceDate "2011.11.24"]
[SourceVersion "1"]
[SourceVersionDate "2011.11.24"]
[SourceQuality "1"]
[WhiteTeam "Universidad de Chile"]
[BlackTeam "Universidad de Magallanes"]
[WhiteTeamCountry "CHI"]
[BlackTeamCountry "CHI"]

1. c4 e5 2. Nc3 Nf6 3. Nf3 Nc6 4. d4 exd4 5. Nxd4 Bb4 6. e3 Bxc3+ 7. bxc3 d6 8. Be2 Qe7 9. 0-0 0-0 10. Rb1 Ne4 11. Qc2 Re8 12. Bd3 h5 13. Ba3 h4 14. Rfe1 h3 15. f3 Ng5 16. Bf1 hxg2 17. Bxg2 Ne5 18. Qe2 Nh3+ 19. Bxh3 Bxh3 20. Rxb7 Qg5+ 21. Kh1 Nxc4 22. Bc1 Nxe3 23. Rg1 Qe5 24. Bxe3 Qxe3 25. Qxe3 Rxe3 26. Rxc7 Rc8 27. Rxc8+ Bxc8 28. Rc1 Bd7 29. Kg1 f5 30. Kf2 f4 1/2-1/2

[Event "CHI-chT Universities"]
[Site "Valparaiso"]
[Date "2007.11.11"]
[Round "6"]
[White "Pineda Polanco, Adolfo"]
[Black "Lobos Barrenechea, Miguel"]
[Result "1/2-1/2"]
[WhiteElo "2300"]
[BlackElo "2367"]
[PlyCount "61"]
[EventDate "2007.11.08"]
[EventType "team"]
[EventRounds "7"]
[EventCountry "CHI"]
[SourceTitle "EXT 2012"]
[Source "ChessBase"]
[SourceDate "2011.11.24"]
[SourceVersion "1"]
[SourceVersionDate "2011.11.24"]
[SourceQuality "1"]
[WhiteTeam "Universidad Santa Maria"]
[BlackTeam "Universidad de Chile"]
[WhiteTeamCountry "CHI"]
[BlackTeamCountry "CHI"]

1. d4 d5 2. c4 e6 3. Nc3 Be7 4. Nf3 Nf6 5. Bg5 0-0 6. e3 Nbd7 7. Rc1 Re8 8. Qc2 c6 9. Bd3 a6 10. cxd5 exd5 11. 0-0 Nf8 12. Na4 Ng6 13. Ne5 Ne4 14. Bxe7 Rxe7 15. f4 Nd6 16. Rce1 Nf8 17. f5 f6 18. Ng4 Bd7 19. Rf3 Qa5 20. Nc3 Rae8 21. Qf2 Nf7 22. Rg3 Kh8 23. Re2 Qb4 24. e4 dxe4 25. Nxe4 Rd8 26. Ngxf6 gxf6 27. Nxf6 Nh6 28. Qf4 Rxe2 29. Bxe2 Bxf5 30. Qxh6 Qxd4+ 31. Kf1 1/2-1/2

[Event "CHI-chT"]
[Site "Santiago de Chile"]
[Date "2007.10.30"]
[Round "3"]
[White "Lobos Barrenechea, Miguel"]
[Black "Carmona Rosales, Jose Luis"]
[Result "1-0"]
[WhiteElo "2367"]
[BlackElo "2191"]
[PlyCount "87"]
[EventDate "2007.10.16"]
[EventType "team-tourn"]
[EventRounds "9"]
[EventCountry "CHI"]
[SourceTitle "EXT 2012"]
[Source "ChessBase"]
[SourceDate "2011.11.24"]
[SourceVersion "1"]
[SourceVersionDate "2011.11.24"]
[SourceQuality "1"]

1. c4 Nf6 2. Nc3 c6 3. e4 e5 4. d4 d6 5. f3 Nbd7 6. Be3 a6 7. Bd3 Be7 8. Nge2 b5 9. cxb5 cxb5 10. Rc1 0-0 11. 0-0 Re8 12. Qd2 Bb7 13. Rfd1 Qb8 14. Ng3 g6 15. a4 b4 16. Na2 a5 17. Bb5 Rd8 18. Qe2 Bf8 19. Nf1 exd4 20. Bxd4 Nh5 21. g3 Ng7 22. Bf2 Nc5 23. Ne3 Nge6 24. Nd5 Bxd5 25. exd5 Ng7 26. Rc4 Ra7 27. Nc1 Ne8 28. Nd3 Re7 29. Qd2 Nxd3 30. Qxd3 Bg7 31. Qc2 Rc7 32. Bc6 Nf6 33. Re1 Nd7 34. Bxd7 Rxc4 35. Qxc4 Rxd7 36. Qb5 Rd8 37. Bb6 Rc8 38. b3 Bc3 39. Re2 Qa8 40. Kg2 Kg7 41. Qxa5 Qxa5 42. Bxa5 Rc5 43. Bb6 Rxd5 44. a5 1-0

[Event "Santiago Endesa 1st"]
[Site "Santiago de Chile"]
[Date "2006.11.24"]
[Round "9"]
[White "Lobos Barrenechea, Miguel"]
[Black "Michel Yunis, Christian D"]
[Result "0-1"]
[WhiteElo "2368"]
[BlackElo "2343"]
[PlyCount "68"]
[EventDate "2006.11.17"]
[EventType "tourn"]
[EventRounds "9"]
[EventCountry "CHI"]
[EventCategory "8"]
[SourceTitle "CBM 115 Extra"]
[Source "ChessBase"]
[SourceDate "2007.01.10"]
[SourceVersion "1"]
[SourceVersionDate "2007.01.10"]
[SourceQuality "1"]

1. c4 e6 2. Nc3 d5 3. d4 Be7 4. Nf3 Nf6 5. Bg5 0-0 6. e3 Nbd7 7. cxd5 exd5 8. Bd3 Re8 9. Qc2 c6 10. Rb1 a5 11. a3 g6 12. h4 Nf8 13. Bh6 Ne6 14. h5 Bf8 15. hxg6 hxg6 16. Bxg6 fxg6 17. Qxg6+ Ng7 18. Ne5 Rxe5 19. dxe5 Ng4 20. Bxg7 Bxg7 21. e6 Ne5 22. Qh7+ Kf8 23. f4 Nc4 24. Rh6 Qe7 25. f5 Nxe3 26. Ke2 Ng4 27. Rh4 Qg5 28. Rhh1 d4 29. Nd1 b6 30. Qh5 d3+ 31. Kf3 Ne5+ 32. Kf2 Ng4+ 33. Kg3 Be5+ 34. Kf3 Qf4# 0-1

[Event "Santiago Endesa 1st"]
[Site "Santiago de Chile"]
[Date "2006.11.22"]
[Round "7"]
[White "Ricardi, Pablo"]
[Black "Lobos Barrenechea, Miguel"]
[Result "1/2-1/2"]
[WhiteElo "2504"]
[BlackElo "2368"]
[PlyCount "39"]
[EventDate "2006.11.17"]
[EventType "tourn"]
[EventRounds "9"]
[EventCountry "CHI"]
[EventCategory "8"]
[SourceTitle "CBM 115 Extra"]
[Source "ChessBase"]
[SourceDate "2007.01.10"]
[SourceVersion "1"]
[SourceVersionDate "2007.01.10"]
[SourceQuality "1"]

1. c4 e5 2. Nc3 Nc6 3. g3 g6 4. Bg2 Bg7 5. e3 f5 6. Nge2 Nf6 7. d4 d6 8. dxe5 Nxe5 9. 0-0 0-0 10. b3 c6 11. Ba3 Nf7 12. Qc2 Qa5 13. Bb2 Ne5 14. Rad1 Rd8 15. h3 Be6 16. Rfe1 d5 17. Nf4 Bf7 18. cxd5 cxd5 19. Qd2 Nc6 20. Na4 1/2-1/2

[Event "Santiago Endesa 1st"]
[Site "Santiago de Chile"]
[Date "2006.11.19"]
[Round "4"]
[White "Lobos Barrenechea, Miguel"]
[Black "Lopez Silva, Hugo Andres"]
[Result "1/2-1/2"]
[WhiteElo "2368"]
[BlackElo "2417"]
[PlyCount "39"]
[EventDate "2006.11.17"]
[EventType "tourn"]
[EventRounds "9"]
[EventCountry "CHI"]
[EventCategory "8"]
[SourceTitle "CBM 115 Extra"]
[Source "ChessBase"]
[SourceDate "2007.01.10"]
[SourceVersion "1"]
[SourceVersionDate "2007.01.10"]
[SourceQuality "1"]

1. c4 c5 2. Nc3 g6 3. g3 Bg7 4. Bg2 Nc6 5. e4 e5 6. d3 d6 7. Be3 Nge7 8. f4 f5 9. Nge2 0-0 10. 0-0 fxe4 11. dxe4 Nd4 12. Qd2 Be6 13. fxe5 dxe5 14. Rxf8+ Kxf8 15. Nd5 Nec6 16. Rf1+ Kg8 17. Nec3 Qd7 18. Bg5 Rf8 19. Rxf8+ Kxf8 20. Qf2+ 1/2-1/2

[Event "CHI-ch"]
[Site "Santiago de Chile"]
[Date "2004.02.10"]
[Round "2.6"]
[White "Lenoir Ibacache, Gabriel Alberto"]
[Black "Lobos Barrenechea, Miguel"]
[Result "1/2-1/2"]
[WhiteElo "2163"]
[BlackElo "2359"]
[PlyCount "72"]
[EventDate "2004.02.09"]
[EventType "swiss"]
[EventRounds "11"]
[EventCountry "CHI"]
[SourceTitle "CBM 098 Extra"]
[Source "ChessBase"]
[SourceDate "2004.03.10"]
[SourceVersion "2"]
[SourceVersionDate "2004.03.10"]
[SourceQuality "1"]

1. e4 e5 2. Nf3 Nc6 3. d4 exd4 4. Nxd4 Bc5 5. Be3 Qf6 6. c3 Nge7 7. Bc4 0-0 8. 0-0 d6 9. f4 Rd8 10. b4 Bxd4 11. cxd4 d5 12. e5 Qh6 13. Be2 Nf5 14. Qd2 Nxe3 15. Qxe3 Nxb4 16. Qc3 Qb6 17. Nd2 Nc6 18. Nf3 Ne7 19. Rac1 c6 20. Bd3 Qc7 21. Qc2 g6 22. Nh4 Qb6 23. Qf2 Bf5 24. Nxf5 Nxf5 25. Bxf5 gxf5 26. Kh1 Kh8 27. Rb1 Qc7 28. Qh4 Rg8 29. Qf6+ Rg7 30. Rf3 Qd7 31. Rh3 b6 32. Rh6 c5 33. Rb3 Qa4 34. h3 Qa5 35. Rh5 Qe1+ 36. Kh2 Kg8 1/2-1/2

[Event "Pan American-ch U18"]
[Site "Guaymallen"]
[Date "2001.06.03"]
[Round "6"]
[White "Hoekstra, Matthew"]
[Black "Lobos Barrenechea, Miguel"]
[Result "1-0"]
[WhiteElo "2192"]
[BlackElo "2250"]
[PlyCount "85"]
[EventDate "2001.05.29"]
[EventType "swiss"]
[EventRounds "9"]
[EventCountry "ARG"]
[SourceTitle "EXT 2002"]
[Source "ChessBase"]
[SourceDate "2001.11.25"]
[SourceVersion "1"]
[SourceVersionDate "2001.11.25"]
[SourceQuality "1"]

1. d4 d5 2. c4 e6 3. Nf3 Be7 4. g3 Nf6 5. Bg2 0-0 6. 0-0 Nbd7 7. Nbd2 b6 8. b3 Bb7 9. cxd5 exd5 10. Bb2 c5 11. dxc5 bxc5 12. Qc2 Bd6 13. Rfd1 Qe7 14. e3 Rac8 15. Rac1 Rfe8 16. Nh4 g6 17. Ndf3 Ne4 18. Ba1 Qe6 19. Ne1 f5 20. Nd3 Ne5 21. Qb2 Nf6 22. Nf3 Ned7 23. Nf4 Bxf4 24. gxf4 h6 25. Rd2 Kh7 26. Ne5 Re7 27. Nxd7 Nxd7 28. Rcd1 Nb6 29. Rc2 Qg8 30. Qa3 g5 31. fxg5 Qxg5 32. Kh1 Rg8 33. Rg1 f4 34. Be4+ Rxe4 35. Rxg5 Rxg5 36. h4 Rg6 37. Qxc5 Rc6 38. Qf8 d4 39. Qf7+ Kh8 40. Qf8+ Kh7 41. Qf7+ Kh8 42. Rxc6 Bxc6 43. Qf6+ 1-0

[Event "Pan American-ch U18"]
[Site "Guaymallen"]
[Date "2001.06.01"]
[Round "4"]
[White "Schneider, Dmitry"]
[Black "Lobos Barrenechea, Miguel"]
[Result "1-0"]
[WhiteElo "2404"]
[BlackElo "2250"]
[PlyCount "98"]
[EventDate "2001.05.29"]
[EventType "swiss"]
[EventRounds "9"]
[EventCountry "ARG"]
[SourceTitle "EXT 2002"]
[Source "ChessBase"]
[SourceDate "2001.11.25"]
[SourceVersion "1"]
[SourceVersionDate "2001.11.25"]
[SourceQuality "1"]

1. e4 c5 2. Nf3 d6 3. Bc4 e6 4. 0-0 Nf6 5. Re1 Be7 6. Bb3 b6 7. d3 0-0 8. c3 Bb7 9. Nbd2 Nbd7 10. Nf1 Qc7 11. Ng3 b5 12. d4 Rfd8 13. Qe2 c4 14. Bc2 e5 15. Nf5 Bf8 16. d5 h6 17. h3 Kh7 18. Nh2 g6 19. Ne3 Bg7 20. Qf3 Rf8 21. Nhg4 Bc8 22. a4 Ng8 23. axb5 Nb6 24. h4 h5 25. Nh2 Nh6 26. Qe2 Bd7 27. Nf3 f6 28. Bd2 Bxb5 29. Ra5 a6 30. Rea1 Kg8 31. Bc1 Kf7 32. Bd1 Ke7 33. Nc2 Nf7 34. Nb4 Qb7 35. Ne1 Bh6 36. Bxh6 Nxh6 37. Qe3 Nf7 38. Nbc2 Rh8 39. Na3 Bd7 40. Be2 Rhc8 41. Nac2 Bb5 42. Qg3 Nh8 43. Qh3 Kf7 44. g4 hxg4 45. Bxg4 Rf8 46. h5 g5 47. Be6+ Ke7 48. Ne3 Kd8 49. Qf5 Nd7 1-0

[Event "Pan American-ch U18"]
[Site "Guaymallen"]
[Date "2001.05.31"]
[Round "3"]
[White "Lobos Barrenechea, Miguel"]
[Black "Cereijo, Nicolas"]
[Result "1-0"]
[WhiteElo "2250"]
[BlackElo "2149"]
[PlyCount "69"]
[EventDate "2001.05.29"]
[EventType "swiss"]
[EventRounds "9"]
[EventCountry "ARG"]
[SourceTitle "EXT 2002"]
[Source "ChessBase"]
[SourceDate "2001.11.25"]
[SourceVersion "1"]
[SourceVersionDate "2001.11.25"]
[SourceQuality "1"]

1. c4 f5 2. Nc3 Nf6 3. g3 g6 4. Bg2 Bg7 5. f4 0-0 6. Nf3 d6 7. 0-0 c6 8. d3 Qb6+ 9. e3 Na6 10. Kh1 Bd7 11. e4 fxe4 12. dxe4 Be6 13. Qe2 Qc5 14. b3 Qh5 15. Bd2 Ng4 16. Rae1 Nb4 17. h3 Nc2 18. Rc1 Nd4 19. Qd3 Nxf3 20. Qxf3 Bd4 21. Ne2 Nf2+ 22. Rxf2 Bxf2 23. Qxf2 Bxh3 24. Kg1 Bg4 25. Re1 g5 26. f5 e6 27. Nd4 exf5 28. exf5 Rae8 29. Re3 Re5 30. c5 Rxe3 31. Qxe3 Re8 32. Qc3 dxc5 33. Qxc5 Bh3 34. Qc4+ Kf8 35. Bb4+ 1-0

[Event "Pan American-ch U18"]
[Site "Guaymallen"]
[Date "2001.01.02"]
[Round "5"]
[White "Lobos Barrenechea, Miguel"]
[Black "Roisman, Fabio"]
[Result "1-0"]
[WhiteElo "2250"]
[BlackElo "2247"]
[PlyCount "60"]
[EventDate "2001.05.29"]
[EventType "swiss"]
[EventRounds "9"]
[EventCountry "ARG"]
[SourceTitle "EXT 2002"]
[Source "ChessBase"]
[SourceDate "2001.11.25"]
[SourceVersion "1"]
[SourceVersionDate "2001.11.25"]
[SourceQuality "1"]

1. c4 e6 2. Nc3 d5 3. d4 c5 4. cxd5 exd5 5. Nf3 Nc6 6. e3 Nf6 7. Be2 a6 8. 0-0 cxd4 9. Nxd4 Bd6 10. Bf3 0-0 11. g3 Ne5 12. Bg2 Bb4 13. Nce2 Ng6 14. b3 Ne4 15. Bb2 h5 16. Nf3 Be7 17. Nd2 Ng5 18. f4 Nh3+ 19. Kh1 Bg4 20. Nf3 Bc5 21. Qd3 Qe7 22. Ned4 Qd7 23. f5 Ne7 24. Ne5 Qd6 25. Nxg4 hxg4 26. f6 gxf6 27. Nf5 Nxf5 28. Qxf5 Qe6 29. Qh5 Be7 30. Bxh3 gxh3 1-0

[Event "Pedro Donoso Memorial"]
[Site "Las Condes"]
[Date "2001.??.??"]
[Round "6"]
[White "Lobos Barrenechea, Miguel"]
[Black "Diaz, Robert"]
[Result "1-0"]
[WhiteElo "2342"]
[BlackElo "2307"]
[PlyCount "65"]
[EventDate "2001.11.??"]
[EventType "tourn"]
[EventRounds "9"]
[EventCountry "CHI"]
[SourceTitle "CBM 085 Extra"]
[Source "ChessBase"]
[SourceDate "2002.01.21"]
[SourceVersion "1"]
[SourceVersionDate "2002.01.21"]
[SourceQuality "1"]

1. c4 e5 2. Nc3 Nf6 3. e4 c6 4. Nf3 d6 5. Be2 Be7 6. 0-0 0-0 7. d3 Ne8 8. Ne1 f5 9. f4 Be6 10. Be3 Nd7 11. Qd2 g6 12. Nf3 exf4 13. Bxf4 Ndf6 14. Bh6 Ng7 15. Nh4 Qc8 16. exf5 Nxf5 17. Nxf5 Bxf5 18. Bxf8 Bxf8 19. Rf2 Bg7 20. Raf1 Qd7 21. h3 h5 22. d4 Kh7 23. Bd3 Bxd3 24. Qxd3 Rf8 25. Ne2 Qe8 26. Nf4 Qe4 27. Re2 Qxd3 28. Nxd3 Re8 29. Rxe8 Nxe8 30. Rf7 Kg8 31. Rxb7 Bxd4+ 32. Kf1 Nf6 33. Nb4 1-0

[Event "Pedro Donoso Memorial"]
[Site "Las Condes"]
[Date "2001.??.??"]
[Round "4"]
[White "Reyes Jara, Paula"]
[Black "Lobos Barrenechea, Miguel"]
[Result "1-0"]
[WhiteElo "2133"]
[BlackElo "2342"]
[PlyCount "51"]
[EventDate "2001.11.??"]
[EventType "tourn"]
[EventRounds "9"]
[EventCountry "CHI"]
[SourceTitle "CBM 085 Extra"]
[Source "ChessBase"]
[SourceDate "2002.01.21"]
[SourceVersion "1"]
[SourceVersionDate "2002.01.21"]
[SourceQuality "1"]

1. c4 Nf6 2. Nc3 g6 3. g3 Bg7 4. Bg2 0-0 5. e4 d6 6. Nge2 c5 7. 0-0 Nc6 8. d3 Bd7 9. h3 Rb8 10. Be3 a6 11. Qd2 b5 12. cxb5 axb5 13. d4 b4 14. Nd5 Nxd5 15. exd5 Na5 16. dxc5 Nc4 17. Qc1 Nxe3 18. Qxe3 dxc5 19. Rac1 Bxb2 20. Rxc5 Bf6 21. Rfc1 Qb6 22. Qf4 Qa6 23. Qd2 Rfd8 24. Rb1 Be5 25. Nd4 Be6 26. Nc6 1-0

[Event "Linares Chile op"]
[Site "Linares"]
[Date "2000.06.25"]
[Round "4"]
[White "Lobos Barrenechea, Miguel"]
[Black "Valenzuela Fuentealba, Luis"]
[Result "0-1"]
[WhiteElo "2218"]
[BlackElo "2419"]
[PlyCount "72"]
[EventDate "2000.06.24"]
[EventType "swiss"]
[EventRounds "9"]
[EventCountry "CHI"]
[SourceTitle "EXT 2001"]
[Source "ChessBase"]
[SourceDate "2000.11.22"]
[SourceVersion "1"]
[SourceVersionDate "2000.11.22"]
[SourceQuality "1"]

1. c4 c6 2. Nc3 d5 3. cxd5 cxd5 4. d4 Nf6 5. e3 Nc6 6. Bd3 Bg4 7. Nge2 e6 8. Qb3 Rb8 9. 0-0 Bd6 10. f4 Bh5 11. Nb5 Be7 12. f5 exf5 13. Nf4 0-0 14. Nxh5 Nxh5 15. Rxf5 Nf6 16. Bd2 g6 17. Rf3 a6 18. Nc3 b5 19. Raf1 Na5 20. Qd1 Nc4 21. Bc1 Rc8 22. Qe1 Kg7 23. Qf2 Nd6 24. a3 Nfe4 25. Bxe4 dxe4 26. Rh3 f5 27. Qe2 Nf7 28. g4 Ng5 29. Rg3 Bd6 30. Rg2 Nf3+ 31. Kh1 Qh4 32. Bd2 fxg4 33. Nxe4 Nxh2 34. Rxh2 Rxf1+ 35. Kg2 Qxh2+ 36. Kxf1 Qh1+ 0-1